| 000 | 00458nam a22001697a 4500 | ||
|---|---|---|---|
| 005 | 20240613140814.0 | ||
| 008 | 240613b |||||||| |||| 00| 0 eng d | ||
| 020 | _a9781119288282 | ||
| 082 |
_a004.660 _bLAM-C |
||
| 100 | _aLammle, Todd | ||
| 245 |
_aCCNA routing and switching complete : _cTodd Lammle |
||
| 260 |
_aUSA: _bPearson; _c2016. |
||
| 300 |
_axvii, 1065 p. : _bill; _c24 cm. |
||
| 500 | _ainclude index. | ||
| 650 | _aNetworking | ||
| 999 |
_c35928 _d35928 |
||